00649 2200229 4500001002100000005001500021035002000036007000300056008004100059082001700100084002300117100001700140245006200157250000600219260006800225300003000293650001700323650001200340700001600352856002900368990002200397INLIS00000000000721020250115024232 a0010-0125000014ta250115 0 ind  a634.614(594) a634.614(594) SOR a0 aSORMIN, Remi1 aAbstrak Hasil Penelitian Pertanian Komoditas Kelapa Sawit a- aBogor :bPerpustakaan dan Penyebaran Teknologi Pertanian,c2009 a247p. :bilus ;c25 cme- 4aKelapa Sawit 4aAbstrak0 aDyah Artati aPerpustakaan BPSIP JATIM a15/2025/BSIPJATIM